| 000 | 00562nam a22002177a 4500 | ||
|---|---|---|---|
| 008 | 150921b xxu||||| |||| 00| 0 eng d | ||
| 020 | _a0132017881 | ||
| 041 | 0 | _aeng | |
| 080 | _a336 | ||
| 100 | _aRevsine, Lawrence; | ||
| 245 |
_aFinancial reporting and analysis / _cLawrence, Revsine; |
||
| 250 | _a3rd Edition | ||
| 260 |
_aNew Jersey; _bPearson; _c1999. |
||
| 300 |
_a1070 f.: _bme il.; _c26 cm |
||
| 500 | _aPreface: f. xii-xv | ||
| 505 | _aIndex: f. 1058-1070 | ||
| 650 | 0 | _aFinancë | |
| 650 | 0 | _aAnaliza | |
| 650 | 0 | _aRaporte | |
| 942 |
_2udc _cBK |
||
| 999 |
_c1146 _d1146 |
||